000 00725nam a2200205Ii 4500
003 JO-AjNU
008 230605s9999||||xx |||||||||||||| ||und||
040 _aJO-AjNU
_bara
_erda
_cJO-AjNU
041 _aara
050 1 4 _aBP188.6.B3322 1984
100 3 _aبهجت، أحمد,
_eauthor
_916546
245 0 0 _aبحار الحب عند الصوفية
250 _aط2
264 3 1 _aالقاهرة- الاسكندرية- بيروت: دار ومطابع المستقبل، مؤسسة المعارف للطباعة والنشر، 1984
300 _a227ص
336 _atext
_btxt
_2rdacontent
337 _aunmediated
_bn
_2rdamedia
338 _avolume
_bnc
_2rdacarrier
650 4 _aالحب الالهي- التصوف
_916547
999 _aA4930
_c8498
_d8498